| 000 | 00605nam a22001697a 4500 | ||
|---|---|---|---|
| 003 | NUST | ||
| 038 | _aNusrat Nadeem | ||
| 082 | _a200 | ||
| 100 |
_aMasood, Sabeen _9120722 |
||
| 245 |
_aA Novel Framework for Software Testing of Multiprocessor Based Embedded System with of High Speed Synchronous Interfaces/ _cSabeen Masood, |
||
| 264 |
_aRawalpindi, _bCEME NUST, _c2023. |
||
| 300 |
_aill: _b212,p: _c30,cm. |
||
| 650 |
_aPhD- Computer Software Engineering _9124478 |
||
| 700 |
_aSupervisor: Dr. Ali Hassan _969910 |
||
| 856 | _uhttp://10.250.8.41:8080/xmlui/handle/123456789/35011 | ||
| 942 |
_2ddc _cSC |
||
| 999 |
_c607853 _d607853 |
||